| 000 | 01007nam a22002535i 4500 | ||
|---|---|---|---|
| 001 | 165547 | ||
| 003 | ES-MaACL | ||
| 005 | 20230906213147.0 | ||
| 008 | 040812s1889 xxka |||| | eng d | ||
| 040 |
_aCAM _bspa _cCAM |
||
| 100 | 1 |
_aSomerset, Henry Charles Fitzroy _cDuke of Beaufort. _9132812 |
|
| 245 | 1 | 0 |
_aDriving / _cby his grace the Duke of Beaufort; with contributions by other authorities; ilustrated by G.D. Giles and John Sturgess. |
| 250 | _a2nd ed. | ||
| 260 |
_aLondon : _bLongmans, Green and co., _c1889 ( _fSpottiswoode and co.) |
||
| 300 |
_aXVI,426 p., [12] h. de lám. : _bil. ; _c19 cm. |
||
| 490 | 1 | _aThe badminton library of sports and pastimes | |
| 650 | 4 |
_aEquitación. _9136007 |
|
| 700 | 1 | 1 |
_aGiles, Godfrey Douglas, _eil. _9127316 |
| 700 | 1 | 1 |
_aSturgess, John, _eil. _9132933 |
| 752 |
_aGran Bretaña - _dLondres |
||
| 830 | 0 |
_aThe badminton library of sports and pastimes _9188554 |
|
| 852 |
_aES-MaACL _jG-12086 _z-- Enc. editorial en tela |
||
| 999 |
_c165547 _d165547 |
||